00970nam a2200193 a 450000100100000000500170001000800410002704000250006810000340009324501590012724600400028626000790032630000210040550001420042650000420056870000440061095201050065499900170075900003833620201002031231.0130409s2005 dr r 000 0 spa d aDO-SdBNPbspacBNPHU1 aRodríguez, Manuel A.96469810aActos de corrupción en América Latina :bsoborno y enriquecimiento ilícito /cManuel A. Rodríguez ; presentación Sevio Tulio Castiño Guzmán.10aSoborno y enriquecimiento ilícito aSanto Domingo :bFundación Institutionalidad y Justicia (FINJUS),c2005. a108 p. ;c22 cm. a"Concurso de tesis y ensayos sobre instrumentos de lucha contra la corrupción y la Convención Interamericana contra la Corrupción." aIncluye notas al pie de las páginas1 aCastiño Guzmán, Servio Tulio964699 0010718PDaPDbPDcHDd2013-04-09iLF1l0o p38336-10r2020-06-25w2020-06-25yLFPDZNo se presta c37826d37826